| 000 | 01890nam0a2200337 4500 | ||
|---|---|---|---|
| 001 | RU\NLR\bibl\1245738 | ||
| 005 | 20241119172608.0 | ||
| 020 |
_aRU _b07-28237 _9Летопись авторефератов диссертаций |
||
| 021 |
_aRU _b2007-22749а _9910а |
||
| 035 | _a(NLR Aleph) 001231892 | ||
| 090 |
_a203763 _c203763 |
||
| 100 | _a20080111d2007 u u0rusy50 ca | ||
| 101 | 0 | _arus | |
| 102 | _aRU | ||
| 105 | _aa dm ||||| | ||
| 200 | 1 |
_aЛазеротерапия в комплексном лечении инфильтративного туберкулеза легких _e(экспериментально-клиническое исследование) _eавтореф. дис. на соиск. учен. степ. канд. мед. наук _eспециальность 14.00.26 <Фтизиатрия> _eспециальность 14.00.51 <Восстановит. медицина, лечеб. физкультура и спортив. медицина, курортология и физиотерапия> _fЛевкина Марианна Владимировна _g[С.-Петерб. НИИ фтизиопульмонологии Росмедтехнологий] |
|
| 210 |
_aСанкт-Петербург _d2007 |
||
| 215 |
_a23 с. _cил. _d21 |
||
| 320 | _aБиблиогр.: с. 22-23 (8 назв.) | ||
| 675 |
_a616.24-002.5-085.84 _v3 _zrus |
||
| 686 |
_a76.29 _2rugasnti |
||
| 686 |
_a54.12 _2rubbk |
||
| 686 |
_a14.00.26 _a09114.00.51 _2oksvnk |
||
| 700 | 1 |
_aЛевкина _bМ. В. _gМарианна Владимировна _4070 |
|
| 801 | 0 |
_aRU _bRKP _c20080111 _gPSBO |
|
| 801 | 1 |
_aRU _bRKP _c20080111 |
|
| 801 | 2 |
_aRU _bNLR _c20080625 _grcr |
|
| 901 | _eАвторефераты | ||
| 942 | _cBOOK | ||
| 981 | 1 | 0 | _a(10) Авторефераты |